| 000 | 00985nam a2200301 a 4500 | ||
|---|---|---|---|
| 001 | 74767 | ||
| 003 | BD-RjUL | ||
| 005 | 20211209082610.0 | ||
| 008 | 181202s1960 miuac b s000 0 eng c | ||
| 035 | _aOCLC ocm01362167 from D971027M | ||
| 035 | _a(BD-RjUL)74985 | ||
| 040 |
_aDLC/ICU _cCGU _dDLC _dEQO _dBD-RjUL _beng |
||
| 041 | _aeng | ||
| 082 | 0 | 0 |
_a589.25 _bSPA 1960 |
| 100 | 1 |
_aSparrow, F. K. _q(Frederick Kroeber), _d1903-1977. _9225490 |
|
| 245 | 1 | 0 |
_aAquatic Phycomycetes / _cF. K. Sparrow. |
| 250 | _a2d rev. ed. | ||
| 260 |
_aAnn Arbor : _bUniversity of Michigan Press, _c1960 |
||
| 300 |
_axxv, 1187 p. : _billus., ports. _c25 cm. |
||
| 490 | 1 |
_aUniversity of Michigan studies. Scientific series ; _vv. 15 |
|
| 504 | _aBibliography: p. 1105-1164. | ||
| 650 | 0 |
_aPhycomycetes. _9225491 |
|
| 650 | 0 |
_aAquatic fungi. _9225492 |
|
| 830 | 0 |
_aUniversity of Michigan studies. _vv. 15 _9225499 |
|
| 942 |
_2ddc _cBK |
||
| 999 |
_c74767 _d74767 |
||